000 00436nam a2200181Ia 4500
005 20240823032148.0
008 240823s9999||||xx |||||||||||||| ||und||
041 _aENGLISH
082 _A005.7565 N4
100 _a"Krumm,Rob"
245 0 _aUnderstanding and Using Dbase III Plus
250 _a1st
260 _c1994
_b"PHI,New Delhi"
500 _aYES
650 _aDbase
_bComputer Applications
942 _cBK
999 _c192794
_d192794